Normal view
MARC view
- Graves, Lawrence M
Entry Personal Name
001 - CONTROL NUMBER
- control field: 39336
003 - CONTROL NUMBER IDENTIFIER
- control field: NUST
005 - DATE AND TIME OF LATEST TRANSACTION
- control field: 20210314131416.0
008 - FIXED-LENGTH DATA ELEMENTS
- fixed length control field: 210314|| aca||aabn | a|a d
040 ## - CATALOGING SOURCE
- Original cataloging agency: NUST
- Transcribing agency: NUST
100 ## - HEADING--PERSONAL NAME
- Personal name: Graves, Lawrence M
670 ## - SOURCE DATA FOUND
- Source citation: Work cat.: (NUST): Graves, Lawrence M., The theory of functions of real variables,, 1946.
